EVERY WWE Pay Per View Main Event Part 2 - Statistics

General Stats
  • This quiz has been taken 209 times
    207 since last reset
  • The average score is 467 of 499
Answer Stats
Hint Answer % Correct
Armageddon 2006 | Backlash 2006 | Backlash 2007 | +60 others John Cena
100%
Battleground 2014 | Elimination Chamber 2012 | Extreme Rules 2014 | +8 others Kane
100%
Armageddon 2005 | Backlash 2007 | Backlash 2008 | +34 others Randy Orton
100%
Armageddon 2008 | Backlash 2006 | Backlash 2008 | +19 others Triple H
100%
Battleground 2015 | Battleground 2016 | Clash Of Champions 2016 | +14 others Seth Rollins
99%
Cyber Sunday 2006 | December to Dismember 2006 | Money In The Bank 2012 | +5 others The Big Show
99%
Armageddon 2005 | Armageddon 2007 | Breaking Point 2009 | +15 others The Undertaker
99%
Armageddon 2006 | Armageddon 2007 | Cyber Sunday 2007 | +12 others Batista
98%
Battleground 2015 | Extreme Rules 2012 | Extreme Rules 2013 | +13 others Brock Lesnar
98%
Battleground 2013 | Elimination Chamber 2014 | Extreme Rules 2014 | +7 others Daniel Bryan
98%
Backlash 2016 | Battleground 2016 | Elimination Chamber 2015 | +10 others Dean Ambrose
98%
Elimination Chamber 2011 King Sheamus
98%
Backlash 2018 | Battleground 2014 | Battleground 2016 | +19 others Roman Reigns
98%
Elimination Chamber 2014 | Fatal 4 Way 2010 | Money In The Bank 2010 | +7 others Sheamus
98%
Breaking Point 2009 | December to Dismember 2006 | Elimination Chamber 2010 | +15 others CM Punk
97%
Armageddon 2007 | Armageddon 2008 | Backlash 2006 | +15 others Edge
97%
Elimination Chamber 2017 | Elimination Chamber 2018 | Extreme Rules 2011 | +7 others The Miz
97%
Backlash 2016 | Clash Of Champions 2017 | Elimination Chamber 2017 | +5 others AJ Styles
96%
Extreme Rules 2018 | Fastlane 2018 | Money In The Bank 2017 | +2 others Dolph Ziggler
96%
No Way Out 2006 | Royal Rumble 2006 | Survivor Series 2017 | TLC 2017 Kurt Angle
96%
Vengeance 2006 Nicky
96%
Hell In A Cell 2011 | Money In The Bank 2014 | Royal Rumble 2011 (Rumble Winner) | +3 others Alberto Del Rio
94%
Elimination Chamber 2018 | Greatest Royal Rumble (Rumble Winner) | Money In The Bank 2018 | +5 others Braun Strowman
94%
Elimination Chamber 2017 | Extreme Rules 2017 | Money In The Bank 2014 | +2 others Bray Wyatt
93%
Clash Of Champions 2016 | Fastlane 2017 | Fastlane 2018 | +4 others Kevin Owens
93%
Backlash 2007 | Hell In A Cell 2009 | No Mercy 2008 | +8 others Shawn Michaels
93%
Hell In A Cell 2012 | Payback 2013 | Survivor Series 2012 | Survivor Series 2014 Ryback
92%
Summerslam 2010 Skip Sheffield
92%
Elimination Chamber 2013 | Royal Rumble 2013 | Survivor Series 2011 | +2 others The Rock
92%
Cyber Sunday 2008 | Elimination Chamber 2010 | Money In The Bank 2012 | +8 others Chris Jericho
91%
Armageddon 2008 | Extreme Rules 2009 | Judgment Day 2009 | +3 others Jeff Hardy
91%
Royal Rumble 2006 | Survivor Series 2014 | Unforgiven 2007 Mark Henry
91%
Capitol Punishment 2011 | Elimination Chamber 2010 | Elimination Chamber 2011 | +2 others R-Truth
91%
Survivor Series 2014 Erick Rowan
90%
Backlash 2018 | Extreme Rules 2017 | Great Balls Of Fire 2017 | +3 others Samoa Joe
90%
Hell In A Cell 2017 | Survivor Series 2017 Shane McMahon
90%
Elimination Chamber 2010 | Great American Bash 2006 | Judgment Day 2006 | +3 others Rey Mysterio
89%
Money In The Bank 2017 | Survivor Series 2017 Shinsuke Nakamura
89%
Bragging Rights 2010 | Night Of Champions 2010 | Summerslam 2010 | +2 others Wade Barrett
89%
Fastlane 2017 | Survivor Series 2016 Goldberg
88%
Survivor Series 2014 Luke Harper
88%
December to Dismember 2006 | ECW One Night Stand 2006 | Money In The Bank 2013 Rob Van Dam
88%
Backlash 2017 | Battleground 2017 | Clash Of Champions 2017 Jinder Mahal
87%
Fastlane 2018 | Money In The Bank 2017 Sami Zayn
87%
Elimination Chamber 2014 | Money In The Bank 2014 | TLC 2017 Cesaro
86%
Elimination Chamber 2018 | Extreme Rules 2017 | Money In The Bank 2018 | Survivor Series 2017 Finn Balor
86%
Hell In A Cell 2016 Charlotte Flair
84%
Backlash 2008 | Judgment Day 2006 | No Way Out 2008 | +2 others John Bradshaw Layfield
84%
Elimination Chamber 2010 | Elimination Chamber 2011 | Extreme Rules 2011 | Summerslam 2010 John Morrison
83%
Money In The Bank 2018 Kofi Kingston
83%
Hell In A Cell 2009 Cody Rhodes
82%
Elimination Chamber 2017 | Fastlane 2018 | Money In The Bank 2017 Baron Corbin
81%
December to Dismember 2006 | Great American Bash 2007 | No Mercy 2006 | +2 others Bobby Lashley
81%
Elimination Chamber 2014 | Money In The Bank 2013 Christian
81%
Summerslam 2010 Heath Slater
81%
Money In The Bank 2018 | Survivor Series 2014 Rusev
81%
Summerslam 2010 Bret Hart
80%
Hell In A Cell 2016 Sasha Banks
80%
Night Of Champions 2015 Sting
79%
Judgment Day 2007 | One Night Stand 2007 The Great Khali
78%
Summerslam 2010 Justin Gabriel
76%
Hell In A Cell 2009 Ted DiBiase
74%
Royal Rumble 2018 (Rumble Winner) Asuka
72%
New Years Revolution 2007 | No Way Out 2008 Umaga
72%
Summerslam 2010 David Otunga
71%
Armageddon 2006 | Cyber Sunday 2006 | Great American Bash 2006 | +3 others King Booker
71%
Summerslam 2010 Darren Young
62%
Money In The Bank 2018 | Survivor Series 2017 Bobby Roode
61%
Survivor Series 2005 Carlito
61%
Survivor Series 2005 Chris Masters
57%
Armageddon 2006 | No Mercy 2006 Finlay
57%
December to Dismember 2006 Test
56%
Summerslam 2010 Michael Tarver
54%
December to Dismember 2006 Hardcore Holly
51%
Vengeance 2007 Mick Foley
51%
Elimination Chamber 2018 Elias
49%
No Way Out 2009 Mike Knox
49%
Vengeance 2006 Kenny
48%
Vengeance 2006 Mikey
46%
Over The Limit 2012 John Laurinaitis
44%
Vengeance 2006 Mitch
40%
Vengeance 2006 Johnny
36%
No matching quizzes found
Score Distribution
Percent of People with Each Score
Percentile by Number Answered
Your Score History
You have not taken this quiz since the last reset